| 000 | 00838nam a2200253Ia 4500 | ||
|---|---|---|---|
| 040 | _cDJB | ||
| 082 | _a338 USA 1989 C140 Or. | ||
| 245 | 0 | 0 |
_aAgricultural policy analysis : _ba manual for A.I.D. agricultural and rural development officers / |
| 260 |
_aWashington, D.C. : _bU.S. Agency for International Development, _c1989 |
||
| 300 |
_aix, 43, [48] p. ; _c28 cm |
||
| 490 | 1 | _aA.I.D. evaluation special study | |
| 500 | _a"February 1989." | ||
| 500 | _a"PN-AAX-215"--Cover | ||
| 650 | 0 | _aAgriculture and state | |
| 650 | 0 | _aAgriculture | |
| 650 | 0 | _aAgricultural assistance | |
| 650 | 0 | _aAgricultural development projects | |
| 650 | 0 | _aAgricultural extension workers | |
| 710 | 2 | 0 | _aAbt Associates |
| 710 | 2 | 0 | _aRobert R. Nathan Associates |
| 710 | 2 | 0 | _aAbel, Daft, & Earley |
| 710 | 1 | 0 | _aUnited States. |
| 942 | _cAEDBB | ||
| 999 |
_c19197 _d19197 |
||